| 000 | 00587cam a2200181 4500 | ||
|---|---|---|---|
| 001 | WS124025 | ||
| 008 | 031024n 000 0 eng u | ||
| 035 | _a(Sirsi) u124025 | ||
| 245 | _aEuropean Olympic Committees | ||
| 520 | _aWeb site for this body representing the various European Olympic committees. Includes links to them all. | ||
| 650 | _aOLYMPIC GAMES | ||
| 650 | _aEUROPE | ||
| 650 | _aINTERNATIONAL | ||
| 650 | _aSPORT | ||
| 690 | _aLEISURE AND RECREATION | ||
| 856 | 4 | 0 |
_uhttps://www.eurolympic.org _zView the website free of charge at www.eurolympic.org... |
| 942 | _n0 | ||
| 999 |
_c120351 _d120351 |
||